000 01026nam a22003137a 4500
003 CHAP
005 20220329134306.0
008 971013s1969 r 00010 d
010 _a18242
011 _a19214
035 _a23299
040 _cCHAP
082 _a658.5
_bB5
100 0 0 _aBlumenthal, Sherman C.
_913236
245 _aManagement information systems ; a framework for planning and development
260 _aEnglewood Cliffs, N. J. :
_bPrentice-Hall,
_c1969
300 _a219 p.
490 _aAutomatic computation
590 _aBATCH-UPD
_b10
_c20130110
_lUCH01
_h1957
590 _aBATCH-UPD
_b10
_c20130410
_lUCH01
_h1318
590 _aBATCH-UPD
_b10
_c20130914
_lUCH01
_h0725
590 _aCONVERSION
_b10
_c20130109
_lUCH01
_h1311
650 1 4 _aAdministración de empresas
_xSistemas de informacion.
_9928
650 1 4 _aIndustria
_xOrganización.
_957757
830 0 _aAutomatic computation
_98412
901 _aBK
942 _cLIBRO
949 _a658.5 B5
_bBC
_cLIBRO
_d33724000118410
_eLIBRO
_h41717
_i23299
_si
999 _c18242
_d18242